Diseño de interfaces de usuario, estrategias para una interacción persona - computadora efectiva

Bibliographic Details
Main Author: Shneiderman, Ben
Format: Section = Libro
Language:Undetermined
Spanish
Published: Boston Addison/Wesley 2006
Subjects:
LEADER 00675nam a2200217Ia 4500
008 240829s9999 xx 000 0 und d
020 |a 978-84-205-4803 
040 |a BIBLIOTECA-RUSB/ 005.437 S558 
041 |a spa 
082 |a 005.437 S558 
100 1 |a Shneiderman, Ben 
245 1 0 |a Diseño de interfaces de usuario, estrategias para una interacción persona - computadora efectiva 
260 |a Boston  |b Addison/Wesley  |c 2006 
300 |a 723 p. :il. 
650 7 |a INTERFACES DE USUARIOS - SISTEMA DE COMPUTADOR 
650 7 |b  DISEÑO CON AYUDA DEL COMPUTADOR 
650 7 |c  DISEÑO INTERACTIVO 
650 7 |d  INTERFACES 
942 |c BK  |2 ddc 
991 |a TEXTO 
999 |c 639